000 00342nam a2200133Ia 4500
008 220216s9999 xx 000 0 und d
100 _aSamaranayake C
245 0 _aBudwood nurseries
260 _bRubber Research Institute of Sri Lanka Bulletin
_c1984
300 _a23-26
650 _aBudwood
650 _aPlanting material
942 _cJS
999 _c55006
_d55006